Modern software engineering : doing what works to build better software faster

সংরক্ষণ করুন:
গ্রন্থ-পঞ্জীর বিবরন
প্রধান লেখক: Farley, David
বিন্যাস: গ্রন্থ
প্রকাশিত: Pearson
ট্যাগগুলো: ট্যাগ যুক্ত করুন
কোনো ট্যাগ নেই, প্রথমজন হিসাবে ট্যাগ করুন!

MARC

LEADER 00000nam a2200000Ia 4500
005 20260515061617.0
100 |a Farley, David, 
020 |a 9780137314911 
942 |c BK 
245 |a Modern software engineering : doing what works to build better software faster  
260 |b Pearson 
999 |c 69  |d 69 
952 |0 0  |1 0  |4 0  |7 0  |a ABDN  |b ABDN  |d 2026-05-15  |l 0  |p 000018  |r 2026-05-15 06:16:18  |w 2026-05-15  |y BK